000 00691nam a2200205 4500
001 174698
003 ES-MaACL
005 20230906215624.0
008 100519s1987 sp f |||| | spa d
017 _aM 36138-1987
020 _a84-86750-00-8
080 _a741.5 Fernández Arias, César
100 1 _aFernández Arias, César.
_9142895
245 1 0 _aViñetas /
_cCésar Fernández Arias.
260 _aMadrid :
_bAbril y Buades,
_c1987.
300 _a233 p. :
_btodas il. ;
_c14 cm.
594 _aEd. con motivo de la exposición de César Fernández Arias en la Galería Buades, Madrid, oct., 1987.
600 1 4 _aFernández Arias, César.
_9142895
852 4 _aES-MaACL
_jC-57174
999 _c174698
_d174698